00923nam a2200205 a 450000100100000000500170001000800410002702000180006804000250008610000470011124500710015826000360022930000210026550000690028650000180035595201110037395201050048495201110058999900170070000004481720201002045642.0150113s2014 dr 000 0 spa d a9789945166361 aDO-SdBNPbspacBNPHU1 aMartínez Canaán, José Antonio97284110aEspíritu infinito eterno. /cJosé Antonio Martínez Canaán. aSanto Domingo :bBúho,c2014. a204 p. ;c22 cm. aIncluye datos biografícos del autor en la solapa de la portada aIncluye notas 0010718DSaGRbGRcCTd2015-01-13iLF1l0o p44817-30r2020-06-25te. 3w2020-06-25yLFDSZNo se presta 0010718PDaPDbPDcCTd2015-01-13iLF1l0o p44817-10r2020-06-25w2020-06-25yLFPDZNo se presta 0010718PDaPDbPDcCTd2015-01-13iLF1l0o p44817-20r2020-06-25te. 2w2020-06-25yLFPDZNo se presta c44306d44306